Les Disney, Pixar - Statistiques

Statistiques générales
  • Ce quiz a été pris 218 fois
  • Le résultat moyen est 60 sur 268
Statistiques - réponses
Réponse % Correct
Cendrillon
77%
Toy Story
76%
Cars
71%
La reine des neiges
70%
Blanche-neige et les sept nains
68%
La Belle et la Bête
68%
La petite sirène
68%
La Belle au bois dormant
67%
Raiponce
66%
Toy Story 2
66%
Toy Story 3
66%
Aladdin
65%
Dumbo
65%
Mulan
65%
Bambi
63%
Cars 2
63%
Pinocchio
63%
Toy Story 4
63%
Alice au pays des merveilles
62%
Cars 3
62%
La Belle et le Clochard
60%
Là-haut
60%
La princesse et la grenouille
60%
Les 101 Dalmatiens
60%
Rebelle
60%
Cendrillon 2
59%
Le monde de Némo
59%
Pocahontas
59%
Vaiana
59%
Aladdin 2
57%
Fantasia
57%
Le monde de Dory
56%
La petite sirène 2
55%
Les indestructibles
55%
Mulan 2
55%
Ratatouille
55%
Bernard et Bianca
54%
Le livre de la jungle
54%
Les Aristochats
54%
Lilo et Stitch
54%
Hercule
53%
La reine des neiges 2
53%
Aladdin 3
52%
Bambi 2
52%
Coco
52%
La Belle et la Bête 2
52%
Le Bossu de Notre-Dame
52%
Rox et Rouky
52%
Tarzan
52%
Le Roi Lion 2
51%
Le Roi Lion 3
51%
Robin des bois
51%
Vice-Versa
51%
1001 Pattes
50%
Les indestructibles 2
50%
Les mondes de Ralph
50%
Zootopie
50%
Pocahontas 2
49%
Winnie l'ourson
48%
Tarzan 2
47%
Cendrillon 3
46%
Frère des ours
46%
La Belle et le Clochard 2
46%
Le livre de la jungle 2
46%
Planes
46%
Wall-E
46%
Kuzco
45%
La fée Clochette
45%
Les 101 Dalmatiens 2
45%
Monstres et Compagnie
45%
Volt
45%
Fantasia 2000
44%
Merlin l'enchanteur
44%
Ralph 2.0
44%
Atlantide
43%
Le Bossu de Notre-Dame 2
43%
Lilo et Stitch 2
43%
Planes 2
43%
Rox et Rouky 2
43%
Frère des ours 2
42%
La petite sirène 3
41%
Monstres Académy
41%
Kuzco 2
40%
La planète au trésor
40%
Le voyage d'Arlo
40%
Mary poppins
39%
Les nouveaux héros
38%
Bernard et Bianca 2
37%
La ferme se rebelle
37%
Oliver et Compagnie
37%
Taram et le chaudron magique
37%
Chicken Little
36%
Dinosaure
36%
Dingo et Max
34%
Les aventures de Porcinet
34%
Les aventures de Tigrou
34%
Mélodie cocktail
34%
Bienvenue chez les Robinson
32%
Clochette et la pierre de lune
31%
Dingo et Max 2
29%
Les aventures de Petit Gourou
29%
Peter et Elliott le dragon
29%
Clochette et la fée pirate
28%
Clochette et le secret des fées
28%
Saludos Amigos
28%
Star Wars
28%
Le crapaud et le maître d'école
27%
Coquin de Printemps
26%
La boîte à musique
26%
Winnie l'ourson 2
25%
Clochette et la créature légendaire
24%
Clochette et l'expédition féerique
24%
La Bande à Picsou
24%
Danny, le petit mouton noir
23%
Le Roi Lion 1
23%
Les aventures de Winnie l'ourson
23%
Pirates des Caraïbes
23%
The wild
22%
La Belle et la Bête 3
20%
Winnie l'ourson et l'éfélant
20%
Maléfique
19%
Pirates des Caraïbes 2
18%
Pirates des Caraïbes 3
18%
Pirates des Caraïbes 4
17%
L'apprentie sorcière
15%
Le retour de Mary Poppins
15%
Mickey, Donald, Dingo les trois mousquetaires
15%
Pirates des Caraïbes 5
14%
Indiana Jones
13%
Maléfique 2
13%
Il était une fois
12%
La mélodie du Sud
12%
Alice de l'autre côté du miroir
11%
Leroy et Stitch
10%
Buzz l'éclair
9%
Tron
9%
Stitch
8%
102 Dalmatiens
7%
High School Musical
7%
Indiana Jones 2
7%
Indiana Jones 3
6%
L'étrange Noël de Mr.Jack
6%
Camp Rock
5%
Camp Rock 2
5%
Descendants
5%
High School Musical 2
5%
High School Musical 3
5%
La cour de récré
5%
L'apprenti sorcier
5%
Benjamin Gates
4%
Hannah Montana
4%
James et la pêche géante
4%
Jean-Christophe et Winnie
4%
Le Monde fantastique d'Oz
4%
Le Noël de Mickey
4%
Benjamin Gates 2
3%
Chérie, j'ai rétréci les gosses
3%
Croc blanc
3%
Le drôle de Noël de Scrooge
3%
16 Voeux
2%
Babby-Sittor
2%
Bonne chance Charlie
2%
Cendrillon le film
2%
Dans l'ombre de Mary
2%
Descendants 3
2%
Félins
2%
Freaky Friday
2%
George de la jungle
2%
Kim possible
2%
La coccinelle à Mexico
2%
La coccinelle à Monte Carlo
2%
La légende de Tarzan et Jane
2%
Le prince et le pauvre
2%
Le Roi Lion 2019
2%
Les 101 Dalmatiens le film
2%
Les Muppets
2%
Les sorciers de Waverly Place
2%
Lone Ranger
2%
Princesse malgré elle
2%
Rogue One
2%
Solo
2%
Star Wars II
2%
Star Wars III
2%
Star Wars IV
2%
Star Wars V
2%
Star Wars VI
2%
Star Wars VII
2%
Star Wars VIII
2%
Tiini
2%
Tron 2
2%
Aladdin 2019
1%
Alice au pays des merveilles (2010)
1%
Amiennemies
1%
Antartica, prisonniers du froid
1%
Appelez-moi DJ Rebel
1%
Avalon High
1%
Babysitting Night
1%
Casse-Noisette et Les quatres Royaumes
1%
Chéri, j'ai agrandi le bébé
1%
Cloud 9
1%
Dumbo 2019
1%
Frankeweenie
1%
Freaky Friday 2018
1%
George de la jungle 2
1%
Grizzly
1%
Histoire Enchantée
1%
Hocus Pocus: Les trois sorcières
1%
Immortels
1%
Inspecteur Gadget
1%
La coccinelle revient
1%
La mission de chien Noël
1%
La montagne ensorcelée
1%
Le BGG
1%
Le geek charmant
1%
Le manoir hanté et les 999 fantômes
1%
Lemonade Mouth
1%
Le monde de Narnia 1
1%
Le monde de Narnia 2
1%
Le monde de Narnia 3
1%
Les trois Cabelleros
1%
Maxi Papa
1%
Mickey et le haricot magique
1%
Mission-G
1%
Phinéas et Ferb
1%
Prince of persia
1%
Rasta Rockett
1%
Teen Beach 2
1%
Teen Beach movie
1%
Un amour de coccinelle
1%
Un mariage de princesse
1%
Zack et Cody le film
1%
Zombie
1%
Chien des neiges
0%
Clochette et le tournoi féerique
0%
Des amours de soeurcières
0%
Des amours de soeurcières 2
0%
Descendanrts 2
0%
Inspecteur Gadget 2
0%
Joyeuses Fêtes avec Olaf
0%
Kim possible 2019
0%
L'école fantastique
0%
Le livre de la jungle 2016
0%
Le secret de Térabithia
0%
Les petits champions
0%
Les petits champions 2
0%
Les petits champions 3
0%
Les soeurs Callum
0%
Les sorcières d'Halloween
0%
Les sorcières d'Halloween 2
0%
Les sorcières d'Halloween 3
0%
Les sorciers de Waverly Place 2
0%
Le swap
0%
Let it shine
0%
Ma pire journée
0%
Ma soeur est invisible
0%
Mickey, il était deux fois Noël
0%
Mickey, la magie de Noël
0%
Mickey, le club des méchants
0%
Peter et Elliott le dragon 2016
0%
Princess Protection Program
0%
Skylar Lawis: Chasseuse de monstres
0%
Strastruck
0%
Sue le chemin de l'école
0%
Un nouveau départ pour la coccinelle
0%
Un nouvel amour de coccinelle
0%
Un vendredi dingue dingue dingue
0%
Wendy Wu
0%
Zapped
0%
Aucun quiz correspondant
Distribution des résultats
% des personnes avec chaque résultat
Percentile par nombre de réponses
Votre historique - résultats
Vous n’avez pas pris ce quiz